| 000 | 00501nam a2200157Ia 4500 | ||
|---|---|---|---|
| 003 | GCL | ||
| 005 | 20240530105252.0 | ||
| 008 | 140319s9999 xx 000 0 ara d | ||
| 040 |
_aGCL / _cGCL |
||
| 082 | 0 | 4 |
_a811 _bا ش |
| 100 | 0 | _aاحمد موسى الخطيب | |
| 245 | 1 | 0 |
_aشعر على بن المقرب العيونى : دراسة فنية / _cتاليف احمد موسى الخطيب |
| 260 |
_a[S.N] : _bدار المريخ للنشر ، _c1984 |
||
| 300 | _a391 ص | ||
| 942 |
_2ddc _cBK |
||
| 999 |
_c54468 _d54468 |
||